|
|
|
|
| LEADER |
00000cam a2200000 a 4500 |
| 001 |
vtls008489005 |
| 003 |
SK-MaSNL |
| 005 |
20260302074928.0 |
| 008 |
210928s1975 ru g 001 0 rus |
| 035 |
|
|
|a SAVUKc064996
|
| 040 |
|
|
|a SNK
|b slo
|c SNK
|e AACR2
|
| 041 |
1 |
|
|a rus
|a ger
|
| 044 |
|
|
|a ru
|c RU
|
| 072 |
|
7 |
|a 323
|x Vnútropolitický vývoj, politický život
|2 konspekt
|
| 072 |
|
7 |
|a 316.3
|x Globálne spoločnosti. Sociálna štruktúra. Sociálne skupiny
|2 konspekt
|
| 080 |
|
|
|a 323.1
|2 2001
|
| 080 |
|
|
|a (=16)
|2 2001
|
| 080 |
|
|
|a (470+571)
|2 2001
|
| 080 |
|
|
|a (093)
|2 2001
|
| 080 |
|
|
|a (1-87)
|2 2011
|
| 080 |
|
|
|a 82-6
|2 2011
|
| 080 |
|
|
|a 929-058.1
|2 2001
|
| 245 |
1 |
0 |
|a Zarubežnyje Slavjane i Rossija
|b dokumenty archiva M. F. Rajevskogo ; 40-80 gody XIX veka
|c sostaviteli V. Matula, I. V. Čurkina
|
| 260 |
|
|
|a Moskva
|b Izdatel'stvo «Nauka»
|c 1975
|
| 300 |
|
|
|a 575 s.
|c 25 cm
|
| 500 |
|
|
|a Terminologický slovník
|
| 504 |
|
|
|a Bibliogr. odkazy, pozn., reg.
|
| 546 |
|
|
|a Texty čiast. v nem.
|
| 546 |
|
|
|a Texty - korešpondencia čiastočne bulharsky, srbochorvátsky,
|
| 648 |
|
7 |
|a 1840-1889
|2 SAVUKPH
|9 741122
|
| 650 |
0 |
7 |
|a etnické vzťahy
|2 SNKPH
|9 3862
|
| 650 |
0 |
7 |
|a Slovania
|2 SNKPH
|9 18587
|
| 650 |
0 |
7 |
|a zahraničie
|2 SNKPH
|9 30233
|
| 650 |
0 |
7 |
|a dopisovatelia
|2 SNKPH
|9 363635
|
| 650 |
0 |
7 |
|a korešpondenti
|2 SNKPH
|9 741123
|
| 650 |
0 |
7 |
|a korešpondencia
|2 SNKPH
|9 645
|
| 650 |
0 |
7 |
|a osobnosti
|2 SNKPH
|9 29820
|
| 651 |
|
7 |
|a Rusko
|2 SNKPH
|9 17250
|
| 655 |
|
7 |
|a dokumenty
|2 SNKPH
|9 70482
|
| 700 |
1 |
|
|a Matula, Vladimír,
|d 1928-2011
|4 com
|9 103212
|
| 700 |
1 |
|
|a Čurkina, I. V.
|4 com
|9 741124
|
| 958 |
|
|
|a OND
|
| 999 |
|
|
|c 1167097
|d 1169027
|
| 952 |
|
|
|a SNK
|b SNK
|y VYP
|7 0
|p 17A1140814
|o snkSC 38952 D2
|i snkV 966/77
|8 2
|0 0
|1 0
|4 0
|d 2015-03-11
|l 0
|r 2026-02-24 20:52:06
|w 2026-02-24
|
| 952 |
|
|
|a SNK
|b SNK
|y PREZ
|7 0
|o snkSC 38952
|0 0
|1 0
|4 0
|d 2015-03-11
|l 0
|r 2026-02-24 20:52:06
|w 2026-02-24
|
| 952 |
|
|
|a SNK
|b SNK
|y VYP
|7 0
|o snkSC 38952 D1
|0 0
|1 0
|4 0
|d 2015-03-11
|l 0
|r 2026-02-24 20:52:06
|w 2026-02-24
|